000 00245nam a2200109Ia 4500
008 200302s9999 xx 000 0 und d
100 _aJoy Sen
245 _aSustainable Urban Planning
260 _bTeri Press
260 _c2013
300 _a314 P.,
999 _c5396
_d5396